LEADER 03687nam 22006972 450 001 9910461687303321 005 20151005020622.0 010 $a1-139-06347-2 010 $a1-107-21761-X 010 $a1-280-77307-3 010 $a1-139-07580-2 010 $a9786613683847 010 $a0-511-85202-9 010 $a1-139-08036-9 010 $a1-139-07005-3 010 $a1-139-07806-2 010 $a1-139-08263-9 035 $a(CKB)2670000000159227 035 $a(EBL)691918 035 $a(OCoLC)782858087 035 $a(SSID)ssj0000623042 035 $a(PQKBManifestationID)12241939 035 $a(PQKBTitleCode)TC0000623042 035 $a(PQKBWorkID)10647940 035 $a(PQKB)11352681 035 $a(UkCbUP)CR9780511852022 035 $a(MiAaPQ)EBC691918 035 $a(Au-PeEL)EBL691918 035 $a(CaPaEBR)ebr10546444 035 $a(CaONFJC)MIL368384 035 $a(EXLCZ)992670000000159227 100 $a20101102d2011|||| uy| 0 101 0 $aeng 135 $aur||||||||||| 181 $ctxt$2rdacontent 182 $cc$2rdamedia 183 $acr$2rdacarrier 200 10$aIsrael's Palestinians $ethe conflict within /$fIlan Peleg, Dov Waxman$b[electronic resource] 210 1$aCambridge :$cCambridge University Press,$d2011. 215 $a1 online resource (x, 262 pages) $cdigital, PDF file(s) 300 $aTitle from publisher's bibliographic system (viewed on 05 Oct 2015). 311 $a0-521-15702-1 311 $a0-521-76683-4 320 $aIncludes bibliographical references and index. 327 $aMachine generated contents note: Introduction: the other Palestinian problem; Part I. The Conflict Within: 1. Palestinians in Israel: separate and unequal; 2. Palestinian politics in a Jewish state; 3. A radicalized minority?; 4. The Jewish majority and the Arab 'other'; Part II. Managing the Conflict: 5. The formation of the Jewish Republic; 6. Alternatives to ethnic hegemony; 7. Neither ethnocracy nor binationalism: seeking the middle ground; 8. Israel's challenge: moving from hegemony to equality; Conclusion: a comprehensive resolution of the Palestinian problem. 330 $aArguing that a comprehensive and lasting solution to the Israeli-Palestinian conflict depends on a resolution of the Jewish-Palestinian conflict within Israel as much as it does on resolving the conflict between Israel and Palestinians in the Occupied Territories, this timely book explores the causes and consequences of the growing conflict between Israel's Jewish majority and its Palestinian-Arab minority. It warns that if Jewish-Arab relations in Israel continue to deteriorate, this will pose a serious threat to the stability of Israel, to the quality of Israeli democracy and to the potential for peace in the Middle East. The book examines the views and attitudes of both the Palestinian minority and the Jewish majority, as well as the Israeli state's historic approach to its Arab citizens. Drawing upon the experience of other states with national minorities, the authors put forward specific proposals for safeguarding and enhancing the rights of the Palestinian minority while maintaining the country's Jewish identity. 606 $aPalestinian Arabs 606 $aJewish-Arab relations 606 $aArab-Israeli conflict$y1993- 615 0$aPalestinian Arabs. 615 0$aJewish-Arab relations. 615 0$aArab-Israeli conflict 676 $a305.8992/74 700 $aPeleg$b Ilan$f1944-$0854029 702 $aWaxman$b Dov 801 0$bUkCbUP 801 1$bUkCbUP 906 $aBOOK 912 $a9910461687303321 996 $aIsrael's Palestinians$92266121 997 $aUNINA LEADER 03337oam 2200781 c 450 001 9910875592603321 005 20260302090207.0 010 $a3-8309-9791-4 024 3 $a9783830997917 035 $a(CKB)5580000000699959 035 $a(NjHacI)995580000000699959 035 $a(Waxmann)9783830997917 035 $a(EXLCZ)995580000000699959 100 $a20260302d2023 uy 0 101 0 $ager 135 $aur||||||||||| 181 $ctxt$2rdacontent 182 $cc$2rdamedia 183 $acr$2rdacarrier 200 00$aLehramt mit Perspektive $eAnsätze, Methoden und Forschungsergebnisse einer zukunftsorientierten Lehrkräftebildung /$fMelanie Greinert, Ilka Parchmann, Thilo Kleickmann 205 $a1st ed. 210 $aMünster$cWaxmann$d2023 215 $a1 online resource (296 pages) 311 08$a3-8309-4791-7 320 $aIncludes bibliographical references. 330 $aIn diesem Sammelband werden die Fortschritte und Erkenntnisse aus dem Projekt ?LeaP@CAU ? Lehramt mit Perspektive? an der Christian-Albrechts-Universität zu Kiel (CAU) vorgestellt. Im Rahmen der gemeinsamen ?Qualitätsoffensive Lehrerbildung? (QLB) von Bund und Ländern wurde LeaP@CAU zwischen 2016 und 2023 aus Mitteln des Bundesministeriums für Bildung und Forschung gefördert, um die Lehrkräftebildung an der CAU nachhaltig zu optimieren. Die Autor*innen bieten einen umfassenden Einblick in die Ausgangslage, Ziele, Herausforderungen und Ergebnisse von LeaP@CAU. In den einzelnen Teilprojekten wurden innovative Ansätze entwickelt, die die Lehrkräftebildung an der CAU geprägt haben. Dabei standen Themen wie die Stärkung von fachübergreifenden Professionswissen, Theorie-Praxis-Verknüpfungen und Querschnittsthemen wie Inklusion und Heterogenität, Digitalisierung sowie Deutsch als Zweisprache und fachintegrierte Sprachbildung im Fokus. Das Buch richtet sich an Wissenschaftler*innen, Lehrende, Studierende und alle, die an der Weiterentwicklung der Lehrkräftebildung interessiert sind. 606 $aLeaP@CAU 606 $aLehramtsstudierende 606 $aLehrkräfteprofessionalisierung 606 $aLehramtsstudium 606 $aLehrkräftebildung 606 $aVR-Klassenraum 606 $aFeedback 606 $aSchülertext 606 $aLehr-Lern-Labor 606 $aMicroteaching 606 $aExtracurriculares Studienangebot 606 $aInklusion 606 $aLehrkooperation 606 $aDaZ 606 $aSTePS 606 $aErwachsenenbildung 615 4$aLeaP@CAU 615 4$aLehramtsstudierende 615 4$aLehrkräfteprofessionalisierung 615 4$aLehramtsstudium 615 4$aLehrkräftebildung 615 4$aVR-Klassenraum 615 4$aFeedback 615 4$aSchülertext 615 4$aLehr-Lern-Labor 615 4$aMicroteaching 615 4$aExtracurriculares Studienangebot 615 4$aInklusion 615 4$aLehrkooperation 615 4$aDaZ 615 4$aSTePS 615 4$aErwachsenenbildung 676 $a370.733 702 $aGreinert$b Melanie$4edt 702 $aParchmann$b Ilka$4edt 702 $aKleickmann$b Thilo$4edt 801 0$bNjHacI 801 1$bNjHacl 906 $aBOOK 912 $a9910875592603321 996 $aLehramt mit Perspektive$94415373 997 $aUNINA LEADER 00810nam0-22002411i-450 001 990004774280403321 005 20260318105458.0 035 $aFED01000477428 100 $a19990530g19309999km-y0itay50------ba 101 0 $alat$agrc 105 $ay-------001yy 200 1 $aFontes historiae mysteriorum aevi hellenistici$eE graecis et latinis scriptoribus selegit brevi adnotatione instruxit$fNicolaus Turchi 205 $aEdizione anastatica 210 $aRoma$cLibr. di Scienze e Lettere$d1930. 215 $aVIII, 308 p.$d21 cm 700 1$aTurchi,$bNicola$c<1882-1958>$0326653 801 0$aIT$bUNINA$gRICA$2UNIMARC 901 $aBK 912 $a990004774280403321 952 $aV F 23$bBibl. 35470$fFLFBC 959 $aFLFBC 996 $aFontes historiae mysteriorum aevi hellenistici$9559312 997 $aUNINA